Archipelago by Picture - Statistics

General Stats
  • This quiz has been taken 22 times
  • The average score is 5 of 16
Answer Stats
Picture Answer % Correct
Japanese archipelago
100%
Orkney
57%
Hawaiian Islands
52%
Galápagos Islands
48%
Malay Archipelago
48%
Maldives
43%
Dodecanese
33%
Greater Antilles
29%
Seychelles
19%
Balearic Islands
14%
Canary Islands
14%
Faroe Islands
14%
Tierra del Fuego
14%
Samoan Islands
10%
Zanzibar Archipelago
10%
Thousand Islands
0%
No matching quizzes found
Score Distribution
Percent of People with Each Score
Percentile by Number Answered
Your Score History
You have not taken this quiz